000 00542nam a22001697a 4500
003 OSt
005 20260123124153.0
008 260123b |||||||| |||| 00| 0 eng d
040 _cMRSPTU
041 _aEnglish
100 _aLakhwinder Singh, Supervisor: Dr. Paramjeet Singh
245 _aManaging Security Network Based on Message Priority and Cap on Hop Count
260 _bDepartment of CSE, MRSPTU, Bathinda
_c2018
650 _aComputer Science
856 _uhttp://163.47.215.52:8080/jspui/handle/123456789/394
942 _2ddc
_cTH
_n0
999 _c10738
_d10738